Postoptimalizačné zmeny v dopravných úlohách bakalárska práca

Guardado en:
Detalles Bibliográficos
Autor principal: Hajduková, Iveta
Autor Corporativo: Fakulta hospodárskej informatiky EU. Katedra operačného výskumu a ekonometrie
Otros Autores: Škerlíková, Zuzana
Formato: Libro
Lenguaje:eslovaco
Publicado: Bratislava 2012
Etiquetas: Agregar Etiqueta
Sin Etiquetas, Sea el primero en etiquetar este registro!

MARC

LEADER 00000nbm a2200000 4500
001 0156340
005 20161109111954.3
041 0 |a slo 
044 |a SK 
245 1 0 |a Postoptimalizačné zmeny v dopravných úlohách  |b bakalárska práca  |c Iveta Hajduková ; školiteľ: Zuzana Škerlíková 
264 1 |a Bratislava  |c 2012 
300 |a 46 s. 
100 1 |a Hajduková, Iveta 
700 1 |a Škerlíková, Zuzana 
710 2 |a Fakulta hospodárskej informatiky EU. Katedra operačného výskumu a ekonometrie